00587 a2200181 4500020002600000035001300026037004500039082000600084090001500090100002200105245003600127260004400163300002300207490002100230942002100251999001500272952011800287 a9780007121090c575.60 aB-211571 bRP-ZLS-2783 / UBH-07-08:6 / RP-07-08:ENG14aN c4966d49661 aChristies, Agatha1 aThe clockscby Agatha Christies aLondonbHarper Collins Publishersc2002 a384 pc18 cm (pbk) aAgatha Christies adplcENkN / CHI c4872d4872 00102ddc407-18FICaZLSbZLSg575.60l0oN CHRpB-211571r2008-09-15 00:00:00t1u5171v575.60w2008-09-15yEN